Přijímat změny a selský rozum tvoří DNA naši firmy

Česká špičková a dnes aj svetová firma Linet, v lete oslávila tridsiate narodeniny. Zdravotné lôžka značky Linet každý deň pomáhajú zdravotníkom a pacientom na všetkých kontinentoch. Vladimíra Michnová, globálna HR riaditeľka Linet Group SE, v rozhovore prezradila, aké náročné bolo zaistiť počas kar...

Descrizione completa

Salvato in:
Dettagli Bibliografici
Autore principale: Kazdová, Alena
Natura: Capitolo di libro
Lingua:ceco
Soggetti:
Tags: Aggiungi Tag
Nessun Tag, puoi essere il primo ad aggiungerne!!

MARC

LEADER 00000naa a2200000 4500
001 0269273
005 20201016161346.2
041 0 |a cze 
044 |a CZ 
245 1 0 |a Přijímat změny a selský rozum tvoří DNA naši firmy  |c Alena Kazdová 
500 |a Profesionál 
520 |a Česká špičková a dnes aj svetová firma Linet, v lete oslávila tridsiate narodeniny. Zdravotné lôžka značky Linet každý deň pomáhajú zdravotníkom a pacientom na všetkých kontinentoch. Vladimíra Michnová, globálna HR riaditeľka Linet Group SE, v rozhovore prezradila, aké náročné bolo zaistiť počas karantény dodávky lôžok, matracov, či respirátorov do krajín najviac covidom zasiahnutým. 
610 2 0 |a problémy spoločenské 
610 2 0 |a chorobnosť 
610 2 0 |a firmy 
610 2 0 |a výroba 
610 2 0 |a produkty 
610 2 0 |a dodávky 
610 2 0 |a pomoc medzinárodná 
100 1 |a Kazdová, Alena